Učitavanje...
Bioelectronics: A study in cellular regulations, defense, and cancer
| Glavni autor: | |
|---|---|
| Format: | Printed Book |
| Izdano: |
Academic Press, New York
1968
|
| Teme: |
| LEADER | 00525nam a2200193 4500 | ||
|---|---|---|---|
| 020 | |||
| 082 | |a 572.9 SZE-B | ||
| 100 | |a Szent-Gyorgyi, Albert | ||
| 245 | |a Bioelectronics: A study in cellular regulations, defense, and cancer | ||
| 250 | |||
| 260 | |a Academic Press, New York |c 1968 | ||
| 300 | |||
| 490 | |||
| 500 | |||
| 590 | |a VIN | ||
| 650 | |a Bioelectronics | ||
| 942 | |c BK | ||
| 999 | |c 88730 |d 88730 | ||
| 952 | |0 0 |1 0 |4 0 |6 572_900000000000000_SZEB |7 0 |9 102198 |a ZGY |b ZGY |l 0 |o 572.9 SZE-B |p ZGY01266 |r 2019-09-25 |w 2019-09-25 |y BK | ||